| 000 | 00000nam##2200000za#4500 |
| 001 | 9.592331 |
| 003 | CaOODSP |
| 005 | 20210624201154 |
| 007 | cr ||||||||||| |
| 008 | 150406|2005||||xxc|||||o f|0| 0 fre|d |
| 020 | |a0-662-74772-0 |
| 022 | |a1925-0908 |
| 040 | |aCaOODSP|bfre |
| 043 | |an-cn--- |
| 086 | 1 |aH113-9/2005-2F-PDF |
| 110 | 1 |aCanada.|bSanté Canada. |bAgence de réglementation de la lutte antiparasitaire. |
| 245 | 10|aImiprothrine |h[ressource électronique] |
| 260 | |bSanté Canada. |c2005. |
| 300 | |a33p.|btableaux |
| 490 | 1 |aProjet de décision d'homologation |x1925-0908|vPRDD2005-02 |
| 520 | 3 |aCe projet de décision réglementaire présente un sommaire des données recueillies et la justification de la proposition d’homologation complète de ces produits. |
| 590 | |a05-37|b2005-09-16 |
| 775 | 08|tImiprothrin |w(CaOODSP)9.559590 |
| 776 | 0#|tImiprothrine |w(CaOODSP)9.627002 |
| 830 | #0|aProjet de décision d'homologation,|x1925-0908|vPRDD2005-02|w(CaOODSP)9.500882 |
| 856 | 40|ahttp://publications.gc.ca|qPDF|s125 Ko|uhttps://publications.gc.ca/collections/Collection/H113-9-2005-2F.pdf|yPRDD2005-02 |